000 00362 a2200169 4500
001 173149
020 _a
040 _cMagnum
100 _aCesar, Camilla Cerqueira
240 1 0 _aOlaf, o esquilo do norte
_lpor
245 1 0 _aOlaf, o esquilo do norte
300 _a24
362 0 _a1982
440 1 _aÁtica
697 _aLITERATURA INFANTO
942 _cBK
999 _c173149
_d173149